Statistics for Least Visited Countries by JetPunkers

Click here to take the quiz!

General Stats

  • This quiz has been taken 70 times
    (51 since last reset)
  • The average score is 20 of 30

Answer Stats

Continent Answer % Correct
Australia/OceaniaNauru
93%
AfricaSao Tome
84%
Australia/OceaniaTonga
84%
Australia/OceaniaPalau
80%
Australia/OceaniaSamoa
77%
Australia/OceaniaFS Micronesia
75%
AfricaCentral African Republic
75%
AfricaNiger
73%
Australia/OceaniaKiribati
73%
Australia/OceaniaMarshall Islands
73%
AfricaBenin
73%
AfricaComoros
70%
AfricaTogo
70%
AfricaEritrea
68%
AfricaGuinea-Bissau
66%
EuropeMoldova
66%
AsiaBhutan
66%
AfricaSeychelles
64%
AfricaBurkina Faso
64%
AsiaEast Timor
61%
Australia/OceaniaPapua New Guinea
61%
AfricaBurundi
59%
North AmericaGrenada
59%
AfricaMauritius
57%
AfricaSierra Leone
57%
AsiaTurkmenistan
52%
North AmericaSt. Vincent and the Grenadines
50%
AfricaCameroon
48%
AfricaAlgeria
43%
AsiaBangladesh
25%

Score Distribution

Percentile by Number Answered

Percent of People with Each Score

Your Score History

You have not taken this quiz since the last reset